| 000 | 00550nmm a2200169Ia 4500 | ||
|---|---|---|---|
| 008 | 251105s9999||||xx |||||||||||||||||und|| | ||
| 020 | _a9788497426411 | ||
| 041 | _aspa | ||
| 100 | _aBayona Aznar, Bernardo | ||
| 245 | 0 |
_aReligión y poder : _b Marsilio de Padua: ¿La primera teoría laica del Estado? |
|
| 264 |
_a[Madrid, España] : _bBiblioteca Nueva, _c2007 |
||
| 300 | _a379 páginas | ||
| 490 | _aEnsayo Biblioteca Nueva | ||
| 650 | _aPolitical Science (General) | ||
| 856 | _uhttps://public.digitaliapublishing.com/a/17471 | ||
| 942 | _cCF | ||
| 999 |
_c90313 _d90313 |
||